000 01027nam a2200325 a 4500
003 AR-BaBNM
005 20251128203642.0
008 082120s2002 ||||||||||||||000 | spa||
020 _a950-06-1103-1
040 _cAR-BaBNM
100 1 _aJosef, Konrad
245 0 0 _aLogopedia en niños subnormales con trastornos en el desarrollo del habla
_bpráctica para la promoción del lenguaje en el hogar, en el jardín de infantes, en el colegio
260 _aBuenos Aires
_bEditorial Médica Panamericana
_c1982
300 _a76 p.
_btablas
650 4 _aEDUCACION DEL NIÑO
650 4 _aTRASTORNOS DEL HABLA
650 4 _aLENGUAJE DEL NIÑO
650 4 _aDESARROLLO DEL LENGUAJE
650 4 _aFONOLOGIA
650 4 _aDICCION
653 _aNECESIDADES EDUCATIVAS ESPECIALES
653 _aREEDUCACION
653 _aFONIATRIA
653 _aLOGOPEDIA
700 1 _aBöckman, Günter
700 1 _aSchrager, Orlando L.
_eprologuista
700 1 _aGünther, Frida B. de
_etraductor
942 _cBK
998 _cSILVI
999 _c4334
_d4334